01000nam a2200217 a 450000100100000000500170001000800410002702000180006804000250008608200200011111000520013124500390018326000350022230000430025759000260030061000730032695201240039995201180052395201240064199900170076500004786420240307073942.0181001s2018 dr 000 0 spa d a9789945472950 aDO-SdBNPbspacBNPHU a378.7293bI597m2 aInstituto Tecnológico de Santo Domingo97891110aMemoria institucional 2016-2017 /. aSanto Domingo :bINTEC,c2018. a60 p. :bil, gráf., retrs. ;c32 cm. aInventariado, 2018/VM14aINSTITUTO TECNÓLOGICO DE SANTO DOMINGOvMEMORIAS E INFORMES975423 0010718DSaGRbGRcHDd2018-10-01iLF1l0o378.7293 I597mp47864-30r2020-06-25te. 3w2020-06-25yLFDSZNo se presta 0010718PDaPDbPDcHDd2018-10-01iLF1l0o378.7293 I597mp47864-10r2020-06-25w2020-06-25yLFPDZNo se presta 0010718PDaPDbPDcHDd2018-10-01iLF1l0o378.7293 I597mp47864-20r2020-06-25te. 2w2020-06-25yLFPDZNo se presta c47352d47352